Možnosti zavádzania riešení zvyšovania energetickej efektívnosti s využitím podpory informačno-komunikačných technológií v praxi slovenských podnikov s pomocou využitia operačného programu Výskum a inovácie

Saved in:
Bibliographic Details
Main Author: Adamkovič, Jaroslav
Format: Book Chapter
Language:Slovak
Subjects:
Tags: Add Tag
No Tags, Be the first to tag this record!

MARC

LEADER 00000naa$a2200000$$$4500
001 0214580
005 20240502073604.0
041 0 |a slo 
044 |a SK 
245 1 0 |a Možnosti zavádzania riešení zvyšovania energetickej efektívnosti s využitím podpory informačno-komunikačných technológií v praxi slovenských podnikov s pomocou využitia operačného programu Výskum a inovácie  |c Jaroslav Adamkovič 
500 |a Abstrakt 
610 2 0 |a energetika 
610 2 0 |a hospodárstvo energetické 
610 2 0 |a bezpečnosť energetická 
610 2 0 |a politika energetická 
610 2 0 |a programy operačné 
610 2 0 |a Slovensko 
100 1 |a Adamkovič, Jaroslav